[Event "Cerdanyola del Valles Regional-ch"]
[Site "Cerdanyola del Valles"]
[Date "2015.??.??"]
[Round "1"]
[White "Fernandez Diaz Mascort, Miguel"]
[Black "Villodres Moreno, Daniel"]
[Result "1-0"]
[WhiteElo "2233"]
[BlackElo "2074"]
[PlyCount "61"]
[EventDate "2015.10.03"]
[EventType "swiss"]
[EventRounds "8"]
[EventCountry "ESP"]
[SourceTitle "CBM 169 Extra"]
[Source "ChessBase"]
[SourceDate "2015.12.18"]
[SourceVersion "1"]
[SourceVersionDate "2015.12.18"]
[SourceQuality "1"]

1. c4 c6 2. b3 d5 3. Nf3 Nf6 4. Bb2 e6 5. g3 Bd6 6. Bg2 0-0 7. 0-0 Nbd7 8. d3 e5 9. cxd5 cxd5 10. Nbd2 b6 11. e4 Ba6 12. exd5 Bxd3 13. Re1 Re8 14. Nc4 Bxc4 15. bxc4 Qc7 16. Nd2 Nc5 17. Re3 Rab8 18. a4 a6 19. Qe2 h6 20. Bh3 b5 21. axb5 axb5 22. Re1 b4 23. Bf5 Nfd7 24. Kg2 g6 25. Bxd7 Nxd7 26. f4 f6 27. fxe5 Nxe5 28. Ne4 Kg7 29. Rf1 Rf8 30. Nxd6 Qxd6 31. Rxe5 1-0

[Event "Valles Occident-ch U18"]
[Site "Barcelona"]
[Date "2014.03.08"]
[Round "5.2"]
[White "Villodres Moreno, Daniel"]
[Black "Garcia Playa, David"]
[Result "1-0"]
[WhiteElo "2050"]
[BlackElo "2168"]
[PlyCount "104"]
[EventDate "2014.02.08"]
[EventType "swiss"]
[EventRounds "5"]
[EventCountry "ESP"]
[SourceTitle "EXT 2024"]
[Source "ChessBase"]
[SourceDate "2023.10.10"]
[SourceVersion "1"]
[SourceVersionDate "2023.10.10"]
[SourceQuality "1"]

1. d4 Nf6 2. c4 e6 3. Nc3 Bb4 4. Nf3 c5 5. e3 Nc6 6. a3 Bxc3+ 7. bxc3 d6 8. Bd3 e5 9. d5 Ne7 10. e4 h6 11. h3 Bd7 12. Rb1 Qc7 13. Qb3 0-0-0 14. Nxe5 dxe5 15. d6 Qc6 16. dxe7 Rde8 17. Be3 Nxe4 18. 0-0 Nd6 19. Rfd1 Rxe7 20. Be2 Bf5 21. Rb2 g5 22. Rd5 b6 23. Bxc5 Rd8 24. Qb4 Re6 25. Rbd2 Nb7 26. Be3 Kc7 27. Bf3 e4 28. Bd1 Red6 29. Ba4 Rxd5 30. Bxc6 Rxd2 31. Bxd2 Rxd2 32. Bxb7 Kxb7 33. c5 Rd1+ 34. Kh2 Rd2 35. cxb6 axb6 36. Qe7+ Ka6 37. Qe8 Rxf2 38. Qa8+ Kb5 39. Qd5+ Ka6 40. c4 Ka7 41. c5 Rf4 42. Qxf7+ Ka6 43. Qc4+ Ka7 44. Qf7+ Ka6 45. c6 e3 46. Qe8 Re4 47. Qa8+ Kb5 48. Qf8 Be6 49. Qf3 Bd5 50. c7 e2 51. c8Q e1Q 52. Qd3+ Bc4 1-0

[Event "Valles Occident-ch U18"]
[Site "Barcelona"]
[Date "2014.02.15"]
[Round "2.1"]
[White "Villodres Moreno, Daniel"]
[Black "Sanchez Canales, Pol"]
[Result "0-1"]
[WhiteElo "2050"]
[BlackElo "1976"]
[PlyCount "92"]
[EventDate "2014.02.08"]
[EventType "swiss"]
[EventRounds "5"]
[EventCountry "ESP"]
[SourceTitle "EXT 2024"]
[Source "ChessBase"]
[SourceDate "2023.10.10"]
[SourceVersion "1"]
[SourceVersionDate "2023.10.10"]
[SourceQuality "1"]

1. e4 e6 2. d4 d5 3. e5 c5 4. c3 Nc6 5. Nf3 Qb6 6. a3 c4 7. Nbd2 Na5 8. Be2 Bd7 9. 0-0 Ne7 10. h3 Nc8 11. Qe1 Qc7 12. Bd1 Nb6 13. b3 cxb3 14. Nxb3 Nxb3 15. Bxb3 Bb5 16. Bb2 Bxf1 17. Qxf1 Be7 18. Qd3 Nc4 19. Bxc4 Qxc4 20. Qc2 0-0 21. Nd2 Qc6 22. f4 f6 23. Nf3 Qc7 24. Rf1 fxe5 25. fxe5 Rac8 26. Rf2 Qc4 27. Qd2 Qa4 28. Qc1 b5 29. Qb1 Rf5 30. g4 Rf7 31. Kg2 Qb3 32. Rf1 Rcf8 33. Qc1 a5 34. Rf2 b4 35. axb4 Bxb4 36. Kg3 Be7 37. g5 Rf5 38. h4 a4 39. Nd2 Qb5 40. Rxf5 Rxf5 41. c4 dxc4 42. Qxc4 Qxc4 43. Nxc4 Rf1 44. Ne3 Rb1 45. Nc4 Rxb2 46. Nxb2 a3 0-1

[Event "Valles Occident-ch U18"]
[Site "Barcelona"]
[Date "2014.02.08"]
[Round "1.1"]
[White "Torralba Brosa, Marc"]
[Black "Villodres Moreno, Daniel"]
[Result "0-1"]
[WhiteElo "1878"]
[BlackElo "2050"]
[PlyCount "48"]
[EventDate "2014.02.08"]
[EventType "swiss"]
[EventRounds "5"]
[EventCountry "ESP"]
[SourceTitle "EXT 2024"]
[Source "ChessBase"]
[SourceDate "2023.10.10"]
[SourceVersion "1"]
[SourceVersionDate "2023.10.10"]
[SourceQuality "1"]

1. e4 c5 2. d4 cxd4 3. Nf3 e6 4. Nxd4 Nf6 5. Nc3 Nc6 6. Be3 Bb4 7. f3 d5 8. Bb5 Bd7 9. Nxc6 bxc6 10. Bd3 e5 11. Bd2 0-0 12. 0-0 Rc8 13. Ne2 Bxd2 14. Qxd2 c5 15. exd5 Nxd5 16. a3 Be6 17. Kh1 Qb6 18. c4 Ne7 19. Nc3 Qb3 20. Qe2 Nc6 21. Ne4 Nd4 22. Qd1 Qb6 23. Qa4 Rfd8 24. Rfd1 Bd7 0-1

[Event "Cerdanyola del Valles op-A 32th"]
[Site "Cerdanyola del Valles"]
[Date "2014.??.??"]
[Round "3.4"]
[White "Villodres Moreno, Daniel"]
[Black "Corriguelas Armillas, Frederic"]
[Result "1/2-1/2"]
[WhiteElo "1856"]
[BlackElo "2033"]
[PlyCount "40"]
[EventDate "2014.10.04"]
[EventType "swiss"]
[EventRounds "8"]
[EventCountry "ESP"]
[SourceTitle "EXT 2024"]
[Source "ChessBase"]
[SourceDate "2023.10.10"]
[SourceVersion "1"]
[SourceVersionDate "2023.10.10"]
[SourceQuality "1"]

1. e4 c5 2. Nf3 Nc6 3. d4 cxd4 4. Nxd4 Nf6 5. Nc3 d6 6. Bg5 Bd7 7. Qd2 Rc8 8. f4 Nxd4 9. Qxd4 Qa5 10. e5 dxe5 11. fxe5 e6 12. 0-0-0 Bc6 13. Nb5 Nd5 14. Qxa7 Qb4 15. Qd4 Qxd4 16. Nxd4 Be7 17. Bxe7 Kxe7 18. Nxc6+ bxc6 19. Re1 Ra8 20. a3 Ra5 1/2-1/2

[Event "Catalunya Valles West-ch U16"]
[Site "Catalunya"]
[Date "2013.02.02"]
[Round "2.1"]
[White "Garcia Playa, David"]
[Black "Villodres Moreno, Daniel"]
[Result "1/2-1/2"]
[WhiteElo "2193"]
[BlackElo "2046"]
[PlyCount "120"]
[EventDate "2013.01.26"]
[EventType "swiss"]
[EventRounds "5"]
[EventCountry "ESP"]
[SourceTitle "EXT 2024"]
[Source "ChessBase"]
[SourceDate "2023.10.10"]
[SourceVersion "1"]
[SourceVersionDate "2023.10.10"]
[SourceQuality "1"]

1. e4 e6 2. d4 d5 3. Nc3 c6 4. Nf3 Bb4 5. e5 c5 6. a3 Bxc3+ 7. bxc3 Ne7 8. h4 Nbc6 9. h5 h6 10. Be2 Qc7 11. 0-0 Bd7 12. a4 c4 13. Ba3 g6 14. Qd2 g5 15. Nh2 0-0-0 16. a5 Be8 17. Ng4 Ng8 18. Bd6 Rxd6 19. exd6 Qxd6 20. f4 f5 21. fxg5 Bxh5 22. Nxh6 Bxe2 23. Qxe2 Nxh6 24. gxh6 Rxh6 25. Qf3 Qc7 26. Qf4 Qh7 27. a6 b6 28. Qd6 Nd8 29. Rae1 f4 30. Qxf4 Rh1+ 31. Kf2 Qxc2+ 32. Re2 Rxf1+ 33. Kxf1 Qxc3 34. g4 Qd3 35. Kf2 Qg6 36. Kg3 Kd7 37. Re3 Nc6 38. Rf3 Ne7 39. Qb8 Nf5+ 40. Rxf5 exf5 41. Qxa7+ Kc6 42. Qb7+ Kb5 43. Qxd5+ Kxa6 44. Qxc4+ b5 45. Qc8+ Ka5 46. Qxf5 Qd6+ 47. Qe5 Qa3+ 48. Kh4 Qf8 49. g5 Ka4 50. Kh5 b4 51. g6 Qf3+ 52. Kg5 Qg2+ 53. Kf6 b3 54. g7 b2 55. Qb8 Qf1+ 56. Ke5 Qe1+ 57. Kf4 Qf1+ 58. Kg5 b1Q 59. Qa7+ Kb5 60. Qc5+ Ka6 1/2-1/2

[Event "Cerdanyola del Valles op 31st"]
[Site "Cerdanyola del Valles"]
[Date "2013.??.??"]
[Round "1"]
[White "Lorenzo de la Riva, Lazaro"]
[Black "Villodres Moreno, Daniel"]
[Result "1-0"]
[WhiteElo "2418"]
[BlackElo "1858"]
[PlyCount "71"]
[EventDate "2013.10.05"]
[EventType "swiss"]
[EventRounds "8"]
[EventCountry "ESP"]
[SourceTitle "CBM 157 Extra"]
[Source "ChessBase"]
[SourceDate "2013.12.19"]
[SourceVersion "1"]
[SourceVersionDate "2013.12.19"]
[SourceQuality "1"]

1. d4 d5 2. c4 c6 3. Nc3 Nf6 4. cxd5 cxd5 5. Bf4 e6 6. e3 a6 7. Bd3 Be7 8. Nge2 0-0 9. h3 b5 10. 0-0 Bb7 11. Rc1 Nbd7 12. Qb3 Nb6 13. Nxb5 axb5 14. Bc7 Qe8 15. Bxb6 Ba6 16. Bc5 Bxc5 17. Rxc5 Ne4 18. Bxe4 dxe4 19. Rfc1 Rc8 20. Rxc8 Bxc8 21. Rc5 Bd7 22. Nc3 Bc6 23. Nxb5 Bxb5 24. Qxb5 Qa8 25. a4 Rb8 26. Qc4 g6 27. b3 Kg7 28. d5 exd5 29. Rxd5 Rc8 30. Qxe4 Kg8 31. Qd4 Qb8 32. Qd1 Kg7 33. f4 Re8 34. Qd4+ Kh6 35. g4 Qxb3 36. Rh5+ 1-0

[Event "Cerdanyola del Valles op 30th"]
[Site "Cerdanyola del Valles"]
[Date "2012.10.06"]
[Round "2"]
[White "Villodres Moreno, Daniel"]
[Black "Fernandez Diaz, Cristian"]
[Result "1-0"]
[WhiteElo "1776"]
[BlackElo "2140"]
[PlyCount "75"]
[EventDate "2012.09.29"]
[EventType "swiss"]
[EventRounds "8"]
[EventCountry "ESP"]
[SourceTitle "EXT 2014"]
[Source "ChessBase"]
[SourceDate "2013.11.20"]
[SourceVersion "1"]
[SourceVersionDate "2013.11.20"]
[SourceQuality "1"]

1. e4 c5 2. Nf3 Nc6 3. d4 cxd4 4. Nxd4 g6 5. Nc3 Bg7 6. Nb3 Nf6 7. Be2 0-0 8. 0-0 d6 9. Bg5 a6 10. Kh1 b5 11. a3 Bb7 12. f4 Rc8 13. Bf3 Nd7 14. Qd2 Re8 15. Rfe1 Nb6 16. Be2 Nc4 17. Bxc4 bxc4 18. Nc1 Qa5 19. N1e2 Ba8 20. Rab1 Rb8 21. Red1 Rb6 22. h3 Reb8 23. Qc1 Qc5 24. Na4 Qf2 25. Nxb6 Rxb6 26. Nc3 Nd4 27. Qd2 Qxd2 28. Rxd2 Nf3 29. gxf3 Bxc3 30. Rdd1 Bxb2 31. Bxe7 c3 32. Bxd6 Rc6 33. Be5 Rc8 34. Bf6 Bc6 35. Rd4 Be8 36. Rbd1 Kf8 37. Rd8 Rc6 38. Rxe8+ 1-0

[Event "Llinars del Valles op-B 5th"]
[Site "Llinars del Valles"]
[Date "2011.06.04"]
[Round "6"]
[White "Arco Alonso, Daniel"]
[Black "Villodres Moreno, Daniel"]
[Result "1/2-1/2"]
[WhiteElo "1595"]
[BlackElo "1644"]
[PlyCount "99"]
[EventDate "2011.04.30"]
[EventType "swiss"]
[EventRounds "7"]
[EventCountry "ESP"]
[SourceTitle "EXT 2012"]
[Source "ChessBase"]
[SourceDate "2011.11.24"]
[SourceVersion "1"]
[SourceVersionDate "2011.11.24"]
[SourceQuality "1"]

1. c4 c6 2. e3 d5 3. d4 Nf6 4. Nc3 e6 5. Nf3 Be7 6. Bd3 0-0 7. 0-0 Nbd7 8. cxd5 exd5 9. Rb1 a5 10. a3 Bd6 11. Bd2 Qe7 12. Qc2 Re8 13. Rfd1 Ne4 14. Be1 Ndf6 15. Na2 Bg4 16. Be2 Qc7 17. h3 Bf5 18. Bd3 Qd7 19. h4 Bg4 20. Be2 Qf5 21. Rdc1 Qh5 22. Nc3 Bxf3 23. Bxf3 Qxh4 24. g3 Qh6 25. Nxe4 Nxe4 26. Qb3 Re7 27. Kg2 Ng5 28. Bg4 Qg6 29. Qc2 Qxc2 30. Rxc2 a4 31. Bd2 Rf8 32. Rc3 Ne4 33. Rc2 f5 34. Bd1 g5 35. Bb4 Bxb4 36. axb4 Ra8 37. Ra1 Rg7 38. b3 a3 39. Rca2 Nc3 40. Rc2 Nxd1 41. Rxd1 a2 42. Ra1 Ra3 43. Rb2 b6 44. Raxa2 Rga7 45. Rxa3 Rxa3 46. Kf1 Kf7 47. Ke2 Ke6 48. Rc2 Kd7 49. Rc3 Ra2+ 50. Kf3 1/2-1/2

[Event "Cerdanyola del Valles op 28th"]
[Site "Cerdanyola del Valles"]
[Date "2010.10.23"]
[Round "4"]
[White "Villodres Moreno, Daniel"]
[Black "Smirnova, Olga"]
[Result "1-0"]
[WhiteElo "1644"]
[BlackElo "1603"]
[PlyCount "63"]
[EventDate "2010.10.02"]
[EventType "swiss"]
[EventRounds "7"]
[EventCountry "ESP"]
[SourceTitle "EXT 2012"]
[Source "ChessBase"]
[SourceDate "2011.11.24"]
[SourceVersion "1"]
[SourceVersionDate "2011.11.24"]
[SourceQuality "1"]

1. e4 e5 2. Nf3 Nc6 3. Bb5 d6 4. 0-0 Bd7 5. c3 Nf6 6. Re1 a6 7. Ba4 b5 8. Bc2 Be7 9. h3 0-0 10. d4 exd4 11. cxd4 h6 12. a3 Nh7 13. Qd3 Bg5 14. e5 g6 15. e6 Be8 16. d5 Ne5 17. Nxe5 dxe5 18. Rxe5 Qf6 19. Bxg5 Nxg5 20. Re2 fxe6 21. dxe6 Kg7 22. Bb3 c5 23. e7 Rh8 24. Bd5 Ra7 25. Qe3 Rc7 26. Nc3 c4 27. Rae1 Rd7 28. h4 Nf7 29. Ne4 Qe5 30. Bxf7 Bxf7 31. Qf3 Qxe7 32. Qc3+ 1-0

[Event "Catalunya-ch U14"]
[Site "Sabadell"]
[Date "2010.02.06"]
[Round "4"]
[White "Villodres Moreno, Daniel"]
[Black "Cama Molina, Daniel"]
[Result "0-1"]
[WhiteElo "1872"]
[BlackElo "1784"]
[PlyCount "128"]
[EventDate "2010.01.16"]
[EventType "swiss"]
[EventRounds "6"]
[EventCountry "ESP"]
[SourceTitle "EXT 2024"]
[Source "ChessBase"]
[SourceDate "2023.10.10"]
[SourceVersion "1"]
[SourceVersionDate "2023.10.10"]
[SourceQuality "1"]

1. e4 c5 2. Nf3 d6 3. d4 cxd4 4. Nxd4 Nf6 5. Nc3 a6 6. Be3 e5 7. Nb3 Be6 8. f3 Be7 9. Qd2 Nbd7 10. 0-0-0 Qc7 11. g4 h6 12. h4 b5 13. Rh2 b4 14. Nd5 Bxd5 15. exd5 Nb6 16. Bxb6 Qxb6 17. g5 Nh5 18. Bh3 Nf4 19. gxh6 Rxh6 20. Bf1 Rxh4 21. Qf2 Qxf2 22. Rxf2 Bg5 23. Kb1 a5 24. Nc1 Ke7 25. Ne2 Rah8 26. Ng3 g6 27. a3 f5 28. axb4 axb4 29. c4 bxc3 30. bxc3 Rh2 31. Ra2 Rxa2 32. Kxa2 Rh2+ 33. Kb3 Rf2 34. Bb5 Rxf3 35. Ne2 Nxe2 36. Bxe2 Rf2 37. Bb5 Rd2 38. Rh1 Rxd5 39. Rh7+ Kf8 40. Bc4 Rc5 41. Rf7+ Ke8 42. Rg7 d5 43. Ba6 Rc6 44. Bb5 Kf8 45. Rd7 Rc5 46. Ba4 Bd2 47. Rd8+ Ke7 48. Re8+ Kf6 49. Rf8+ Kg5 50. Kc2 Bxc3 51. Kd3 e4+ 52. Ke3 d4+ 53. Ke2 Kf4 54. Rd8 d3+ 55. Kf1 Be5 56. Bb3 g5 57. Kf2 Rc3 58. Ba4 Rc4 59. Bb3 Rd4 60. Rc8 e3+ 61. Ke1 Kf3 62. Re8 d2+ 63. Kd1 e2+ 64. Kc2 d1Q+ 0-1